Pour une renaissance de l'histoire financiere XVIIIe-XXe siecles

Salvato in:
Dettagli Bibliografici
Autore principale: Bruguiere, Michel
Natura: Libro
Lingua:francese
Pubblicazione: Paris Comité pour l'histoire économique et financiere de la France 1991
Serie:Histoire économique et financiere de la France
Soggetti:
Tags: Aggiungi Tag
Nessun Tag, puoi essere il primo ad aggiungerne!!

MARC

LEADER 00000nam$a2200000$$$4500
001 0112977
005 20240111124623.8
020 |a 2-11-081136-6 
041 0 |a fre 
044 |a FR 
245 1 0 |a Pour une renaissance de l'histoire financiere XVIIIe-XXe siecles  |c Michel Bruguiere ; introduction de Guy Antonetti 
264 1 |a Paris  |b Comité pour l'histoire économique et financiere de la France  |c 1991 
300 |a 590 s. 
490 1 |a Histoire économique et financiere de la France 
830 0 |a Histoire économique et financiere de la France 
610 2 0 |a financie 
610 2 0 |a politika finančná 
610 2 0 |a politika hospodárska 
610 2 0 |a dôsledky sociálne 
610 2 0 |a intervencie 
610 2 0 |a banky 
610 2 0 |a politika fiškálna 
610 2 0 |a história 
610 2 0 |a Francúzsko 
100 1 |a Bruguiere, Michel